000 00350nam a22001577a 4500
003 SGT
020 _a978-0-85711-347-4
082 _a615
_bPRE
100 _aPRESTON, CLAIRE L.
245 _aSTOCKLEY'S DRUG INTERACTION
250 _a12TH
260 _aU.K.
_bPHP PUB.
_c2019
300 _a2019
650 _aDRUG INTERACTION
942 _2ddc
_cBK
999 _c33102
_d33102